ბათუმის შოთა რუსთაველის სახელმწიფო უნივერსიტეტის ბიბლიოთეკა

სამედიცინო მიკრობიოლოგია : (ბიბ.ჩანაწერი № 56572)

000 -ლიდერი
ფიქსირებული სიგრძის საკონტროლო ველი 01631nam a2200301Ia 4500
001 - საკონტროლო ნომერი
საკონტროლო ველი 23686
003 - საკონტროლო ნომრის იდენტიფიკატორი
საკონტროლო ველი GE_BSU
005 - ბოლო ოპერაციის თარიღი და დრო
საკონტროლო ველი 20260323142452.0
008 - ფიქსირებული სიგრძის მონაცემთა ელემენტები - ზოგადი ინფორმაცია
ფიქსირებული სიგრძის საკონტროლო ველი 181216s2016||||ge |||||||||||||| ||geo||
020 ## - წიგნის საერთაშორისო სტანდარტული ნომერი
International Standard Book Number 9789941084652
040 ## - კატალოგიზაციის წყარო
Transcribing agency GE_BSU
041 ## - ენის კოდი
Language code of text/sound track or separate title geo
080 ## - უნივერსალური ათობითი კლასიფიკაციის ინდექსი
Universal Decimal Classification number 579.61(075.8) ჩ-59
100 ## - მთავარი ჩანაწერი - პიროვნების სახელი
Personal name ჩიკვილაძე, დარეჯან
9 (RLIN) 27135
245 ## - ცნობა სათაურის შესახებ
Title სამედიცინო მიკრობიოლოგია :
Remainder of title სახელმღვანელო უმაღლესი სამედიცინო სასწავლებლების სტუდენტებისთვის /
Statement of responsibility, etc დარეჯან ჩიკვილაძე, დარეჯან მეტრეველი ; რედ. ირაკლი მჭედლიშვილი.
264 ## - წარმოების, გამოცემის, დისტრიბუციის და სხვა ცნობები
გამოცემის, წარმოების, დისტრიბუციის... ადგილი თბილისი :
გამოცემის, წარმოების, დისტრიბუციის... სახელწოდება თბილისის სახელმწ. სამედიცინო უნ-ტი,
გამოცემის, წარმოების, დისტრიბუციის... თარიღი 2016.
300 ## - ფიზიკური აღწერა
Extent 582 გვ. :
Dimensions 29 სმ.
500 ## - ზოგადი შენიშვნა
General note პარალელური სათაური ინგლისურად
500 ## - ზოგადი შენიშვნა
General note საგნ. საძ. გვ. 577-581
504 ## - BIBLIOGRAPHY, ETC. NOTE
Bibliography, etc ბიბლიოგრაფია გვ. 582
520 ## - SUMMARY, ETC.
Summary, etc პარალ. სათ. ინგლ.
653 ## - INDEX TERM--UNCONTROLLED
Uncontrolled term მედიცინა
653 ## - INDEX TERM--UNCONTROLLED
Uncontrolled term სამედიცინო მიკრობიოლოგია
700 ## - ADDED ENTRY--PERSONAL NAME
Personal name მეტრეველი, დარეჯან
9 (RLIN) 27181
700 ## - ADDED ENTRY--PERSONAL NAME
Personal name მჭედლიშვილი, ირაკლი
Relator term რედაქტორი
9 (RLIN) 11268
942 ## - ADDED ENTRY ELEMENTS (KOHA)
Koha item type წიგნი
Source of classification or shelving scheme
ეგზემპლარები
ჩამოწერის სტატუსი დაკარგული ეგზემპლარის სტატუსი კლასიფიკაციის წყარო ან თაროზე გაწყობის სქემა დაზიანების სტატუსი არ გაიცემა მუდმივი მდებარეობა (დაცვის ადგილი) ამჟამინდელი ადგილსამყოფელი თაროზე განთავსების ადგილი შეძენის თარიღი ღირებულება, შესყიდვის ნორმალური ფასი სრული შენახვის შიფრი შტრიხკოდი ბოლო ოპერაციის თარიღი ეგზემპლარის მიმდევრობითი ნომერი (კეტერი?) ფასის ძალაში შესვლის თარიღი ეგზემპლარის სახეობა საჯარო შენიშვნა
          აგრარული და მემბრანული ტექნოლოგიების ინსტიტუტის ბიბლიოთეკა აგრარული და მემბრანული ტექნოლოგიების ინსტიტუტის ბიბლიოთეკა წიგნსაცავი 2018-12-17 15.00 579.61(075.8) ჩ-59 28504 2018-12-17 28504 2018-12-17 წიგნი 15.00 ₾.